000 00703nam a2200169 a 4500
001 000046463
005 20240302073951.0
008 150817s2015 dr c 000 0 spa d
040 _aDO-SdBNP
_aspa
_cBNPHU
082 _axxx
_bxxx
100 1 _aCassá, Roberto,
_d1948-
_910888
245 1 0 _aSignificación histórica de la revolución de abril /
_cRoberto Cassá.
250 _aEdición especial
260 _aSanto Domingo :
_bEditora Universitaria,
_c2015.
300 _a31 p. :
_bil., retrs. ;
_c21 cm.
500 _aConferencia dictada por el profesor Roberto Cassá en ocasión del acto conmemorativo de la Revolución de Abril, organizada po el Departamento de Historia de la Facultad de Humanidades
999 _c45952
_d45952